Statistics for Fast Math - Next Higher Prime!

Click here to take the quiz!

General Stats

  • This quiz has been taken 22 times
  • The average score is 15 of 20

Answer Stats

numberprime+% Correct
98101
100%
100101
100%
97101
100%
101103
100%
108109
100%
107109
100%
711
100%
911
100%
111113
100%
114127
100%
119127
100%
126127
100%
125127
100%
116127
100%
130131
100%
129131
100%
127131
100%
128131
100%
135137
100%
133137
100%
138139
100%
137139
100%
139149
100%
150151
100%
149151
100%
156157
100%
161163
100%
164167
100%
163167
100%
1517
100%
1317
100%
170173
100%
172173
100%
177179
100%
1819
100%
181191
100%
188191
100%
190191
100%
191193
100%
197199
100%
202211
100%
204211
100%
208211
100%
207211
100%
201211
100%
214223
100%
220223
100%
218223
100%
211223
100%
224227
100%
228229
100%
227229
100%
1923
100%
2023
100%
232233
100%
230233
100%
231233
100%
236239
100%
235239
100%
239241
100%
240241
100%
247251
100%
245251
100%
243251
100%
248251
100%
250251
100%
256257
100%
255257
100%
254257
100%
259263
100%
262263
100%
268269
100%
266269
100%
265269
100%
270271
100%
275277
100%
271277
100%
278281
100%
280281
100%
279281
100%
2329
100%
2429
100%
2529
100%
2829
100%
287293
100%
288293
100%
290293
100%
305307
100%
293307
100%
299307
100%
300307
100%
302307
100%
303307
100%
304307
100%
2931
100%
309311
100%
311313
100%
316317
100%
314317
100%
320331
100%
329331
100%
330331
100%
328331
100%
325331
100%
324331
100%
319331
100%
333337
100%
337347
100%
344347
100%
340347
100%
351353
100%
352353
100%
350353
100%
355359
100%
358359
100%
353359
100%
361367
100%
365367
100%
3637
100%
3237
100%
3437
100%
370373
100%
372373
100%
373379
100%
374379
100%
377379
100%
381383
100%
379383
100%
384389
100%
383389
100%
397401
100%
3841
100%
4143
100%
4347
100%
4447
100%
4953
100%
5053
100%
5153
100%
5253
100%
5859
100%
5559
100%
5759
100%
6061
100%
5961
100%
6167
100%
6467
100%
6567
100%
57
100%
6771
100%
6871
100%
7071
100%
6971
100%
7273
100%
7679
100%
7879
100%
7479
100%
8283
100%
8083
100%
8789
100%
8997
100%
9097
100%
9497
100%
9297
100%
104107
67%
136137
67%
141149
67%
158163
67%
157163
67%
1617
67%
179181
67%
223227
67%
253257
67%
261263
67%
267269
67%
277281
67%
3031
67%
342347
67%
362367
67%
103107
50%
811
50%
120127
50%
148149
50%
145149
50%
189191
50%
194197
50%
198199
50%
219223
50%
260263
50%
264269
50%
276277
50%
301307
50%
336337
50%
332337
50%
343347
50%
338347
50%
349353
50%
356359
50%
368373
50%
382383
50%
386389
50%
385389
50%
389397
50%
4243
50%
4547
50%
5459
50%
7983
50%
8183
50%
8389
50%
123127
33%
166167
33%
285293
33%
400401
33%
99101
0%
102103
0%
105107
0%
106107
0%
1011
0%
112113
0%
109113
0%
110113
0%
118127
0%
124127
0%
122127
0%
121127
0%
117127
0%
115127
0%
113127
0%
1213
0%
1113
0%
131137
0%
132137
0%
134137
0%
143149
0%
147149
0%
146149
0%
140149
0%
144149
0%
142149
0%
153157
0%
154157
0%
152157
0%
151157
0%
155157
0%
159163
0%
160163
0%
162163
0%
165167
0%
1417
0%
171173
0%
167173
0%
168173
0%
169173
0%
174179
0%
178179
0%
176179
0%
175179
0%
173179
0%
180181
0%
1719
0%
185191
0%
186191
0%
182191
0%
183191
0%
184191
0%
187191
0%
192193
0%
196197
0%
195197
0%
193197
0%
203211
0%
210211
0%
200211
0%
205211
0%
199211
0%
206211
0%
209211
0%
212223
0%
216223
0%
217223
0%
222223
0%
221223
0%
215223
0%
213223
0%
225227
0%
226227
0%
2223
0%
2123
0%
229233
0%
234239
0%
237239
0%
238239
0%
233239
0%
244251
0%
242251
0%
241251
0%
246251
0%
249251
0%
252257
0%
251257
0%
258263
0%
257263
0%
263269
0%
269271
0%
273277
0%
274277
0%
272277
0%
282283
0%
281283
0%
2629
0%
2729
0%
284293
0%
286293
0%
289293
0%
292293
0%
283293
0%
291293
0%
296307
0%
297307
0%
306307
0%
298307
0%
295307
0%
294307
0%
308311
0%
310311
0%
307311
0%
312313
0%
315317
0%
313317
0%
327331
0%
318331
0%
317331
0%
326331
0%
322331
0%
321331
0%
323331
0%
335337
0%
334337
0%
331337
0%
339347
0%
341347
0%
345347
0%
346347
0%
347349
0%
348349
0%
354359
0%
357359
0%
359367
0%
366367
0%
360367
0%
363367
0%
364367
0%
3137
0%
3337
0%
3537
0%
367373
0%
371373
0%
369373
0%
378379
0%
376379
0%
375379
0%
380383
0%
387389
0%
388389
0%
390397
0%
396397
0%
395397
0%
392397
0%
394397
0%
393397
0%
391397
0%
399401
0%
398401
0%
4041
0%
3741
0%
3941
0%
4647
0%
4853
0%
4753
0%
5359
0%
5659
0%
6267
0%
6367
0%
6667
0%
67
0%
7173
0%
7379
0%
7579
0%
7779
0%
8489
0%
8589
0%
8689
0%
8889
0%
9197
0%
9397
0%
9597
0%
9697
0%

Score Distribution

Percentile by Number Answered

Percent of People with Each Score

Your Score History

You have not taken this quiz